| 000 | 01675nam a22002297a 4500 | ||
|---|---|---|---|
| 005 | 20260114104733.0 | ||
| 008 | s2025 nyu o 000 1 eng d | ||
| 010 | _a 2025007126 | ||
| 020 | _a9781526681393 | ||
| 040 |
_aGR-AtMCL _beng _dGR-AtMCL |
||
| 100 |
_aArena, Brittney _910261 |
||
| 245 | 1 | 2 |
_aA dance of lies / _cBrittney Arena. |
| 250 | _a1st ed. | ||
| 264 | 1 |
_aNew York : _bDel Rey, _c2025. |
|
| 300 |
_a432 σελ.; _b23 εκ. |
||
| 520 | _aMy protector is gone, revealed to be a monster. But I remind myself that I am not a damsel. I'm no princess bound within a tower. I am a shadow. Vasalie Moran was once a dancer in King Illian's court - until he framed her for murder. Barely surviving her two years in the dungeons, she's suddenly called to face her King. He offers her a deal: become his spy at the month-long royal Gathering and he'll grant her freedom. As Illian's orders grow bloody and dangerous, forcing her to harm and betray those around her, Vasalie discovers the monster she serves may be aligned with a bigger monster - one far closer to home. With her world threatened, Vasalie enlists the help of Illian's brother and greatest adversary, the King of the East. As the rivalry between brothers escalates with Vasalie caught in the middle, the truth of her past comes to light. If she wants to survive, she must decide who to trust, who to fight for, and how much of her soul she's willing to damn in the process. | ||
| 588 | _aDescription based on print version record and CIP data provided by publisher; resource not viewed. | ||
| 650 | 0 |
_aRomance fiction _910259 |
|
| 653 | _aΛογοτεχνία | ||
| 942 | _cBK | ||
| 999 |
_c10044 _d10044 |
||